00350nam a2200109Ia 4500008004100000082000800041100002300049245005200072942000600124952009500130999001500225240331s9999 xx 000 0 und d bVEN aVenkatswaminathan, 0aAntraya varadchiyilirunthu Intrayamuyatchivarai cL 001040708LaWERCLbWERCLcSSCd2024-03-31l0o 792 VENp3066r2024-03-31w2024-03-31yL c3706d3706